Nghiên cứu phản ứng trùng hợp Acrylamit sử dụng chất khơi mào Amonipesunfat

Tổng quan về trùng hợp. Tổng quan về monome và chất khơi mào...Thực nghiệm. Kết quả và thảo luận

में बचाया:
ग्रंथसूची विवरण
मुख्य लेखक: Mai, Thị Phụng (Tác giả)
अन्य लेखक: Trần Mạnh Lục T.S (Hướng dẫn)
स्वरूप: पुस्तक
भाषा:Vietnamese
प्रकाशित: Đà Nẵng Đại học Sư phạm 2010
विषय:
टैग : टैग जोड़ें
कोई टैग नहीं, इस रिकॉर्ड को टैग करने वाले पहले व्यक्ति बनें!
Thư viện lưu trữ: Mạng thư viện Đại học Đà Nẵng
LEADER 01392nam a2200349 4500
001 000012444
003 8740
005 20120220150224.0
008 120220s2010 viesd
041 |a vie 
072 |a Khóa luận tốt nghiệp 
082 |a 661.86  |b MA-P 
100 |a Mai, Thị Phụng  |e Tác giả 
245 |a Nghiên cứu phản ứng trùng hợp Acrylamit sử dụng chất khơi mào Amonipesunfat  |c Mai, Thị Phụng 
260 |a Đà Nẵng  |b Đại học Sư phạm  |c 2010 
300 |a 29 tr.  |c 29 cm 
500 |a Khóa luận tốt nghiệp khoa Hóa. Lớp 06 SHH 
520 |a Tổng quan về trùng hợp. Tổng quan về monome và chất khơi mào...Thực nghiệm. Kết quả và thảo luận 
653 |a Phản ứng trùng hợp 
653 |a Nghiên cứu 
653 |a chất khơi mào Amonipersunfat 
700 |a Trần Mạnh Lục  |c T.S  |e Hướng dẫn 
OWN |a LSP 
AVA |a UDN50  |b LSP  |d 661.86 MA-P  |e available  |t Error 5001 Not defined in file expand_doc_bib_avail.  |f 1  |g 0  |h N  |i 0  |k 1 
999 |a From the UDN01 
AVA |a UDN50  |b LSP  |d 661.86 MA-P  |e available  |t Error 5001 Not defined in file expand_doc_bib_avail.  |f 1  |g 0  |h N  |i 0  |k 1 
TYP |a Monograph 
TYP |a Printed language 
980 |a Mạng thư viện Đại học Đà Nẵng